header

Preparing for an influenza pandemic (Record no. 121477)

MARC details
000 -LEADER
fixed length control field 02328nam a2200421 a 4500
245 10 - TITLE STATEMENT
Title Preparing for an influenza pandemic
260 ## - PUBLICATION, DISTRIBUTION, ETC. (IMPRINT)
Place of publication Washington, D.C. :
Name of publisher National Academies Press,
Year of publication 2008.
300 ## - PHYSICAL DESCRIPTION
Number of Pages xiii, 191 p. :
Other physical details ill.
505 0# - FORMATTED CONTENTS NOTE
Formatted contents note Introduction --- Understanding the risk of influenza to healthcare workers --- Designing and engineering effective PPE --- Using PPE: individual and institutional issues --- Certifying and regulating healthcare PPE: defining an integrated system --- Moving forward with urgency.
650 #0 - SUBJECT ADDED ENTRY--TOPICAL TERM
Topical Term Influenza
Topical Term Epidemics
Topical Term Emergency management
Topical Term Emergency medical personnel
Topical Term Protective clothing.
Topical Term Industrial safety
Topical Term Emergency management
700 1# - ADDED ENTRY--PERSONAL NAME
Personal name Goldfrank, Lewis R.,
Personal name Liverman, Catharyn T.
856 40 - ELECTRONIC LOCATION AND ACCESS
Uniform Resource Identifier http://site.ebrary.com/lib/rucke/Doc?id=10203746

No items available.

© 2026 Rongo University
Contact us: librarian | system librarian | Rongo university